Keepers of the Lost Cities : Stellarlune - Statistics

General Stats
  • This quiz has been taken 241 times
  • The average score is 7 of 10
Answer Stats
Question Answer % Correct
Sophie kissed this character. Keefe
95%
Name one of the four of Sophie’s friends that went with her to Elysian the second time. Marella/Maruca/Fitz/Keefe
95%
Which neglected character was invited to sit at Sophie’s lunch table? Jensi
85%
Glimmer wanted to arrange a meeting with this member of the Neverseen. Trix
77%
This character was killed by Gisela using an exploding crystal. Vespera
77%
What is the real name of Glimmer? Rayni
75%
While searching Kenric’s cache, Sophie found a map with five ____ Rivers
70%
In Elysian, Gisela ordered two of this species to suppress Sandor. Troll
70%
In the memory with Fintan and the Noxflares, Fintan kept repeating this. Something’s missing
62%
By which Elvin object could Gisela track Keefe? Spyball
41%
No matching quizzes found
Score Distribution
Percent of People with Each Score
Percentile by Number Answered
Your Score History
You have not taken this quiz